| 000 | 00885cam a22002655a 4500 | ||
|---|---|---|---|
| 001 | 533368 | ||
| 005 | 20180510143248.0 | ||
| 008 | 870806t1987 enk fr 001 0 eng d | ||
| 020 | _a0070841802 | ||
| 020 | _a9780070841802 | ||
| 040 |
_aDLC _cDLC _dDLC _dEG-ScBUE _beng |
||
| 043 | _ae-uk--- | ||
| 082 | 0 | 4 |
_222 _a338.6420722 _bCHI |
| 100 | 1 | _aChisnall, Peter M. | |
| 245 | 1 | 0 |
_aSmall firms in action : _bcase histories in entrepreneurship / _cPeter M. Chisnall. |
| 260 |
_aLondon ; _aNew York : _bMcGraw-Hill Book Company, _cc.1987. |
||
| 300 |
_avii, 149 p. ; _c21 cm. |
||
| 500 | _aIncludes index. | ||
| 650 | 7 |
_aSmall business _zGreat Britain _xCase studies. _2BUEsh |
|
| 650 | 7 |
_aNew business enterprises _zGreat Britain _xCase studies. _2BUEsh |
|
| 650 | 7 |
_aEntrepreneurship _zGreat Britain _xCase studies. _2BUEsh |
|
| 651 | _2BUEsh | ||
| 653 |
_bBUSADM _cMay2018 |
||
| 942 | _2ddc | ||
| 999 |
_c26694 _d26666 |
||